| 000 | 01080 am a2200241 a 4500 | ||
|---|---|---|---|
| 003 | CO-ViMGA | ||
| 005 | 20230915233134.0 | ||
| 008 | 150810s2015 ck gr 000 pdspa | ||
| 020 | _a9789584661050X | ||
| 040 |
_aCO-ViMGA _bspa _cCO-ViMGA |
||
| 090 | _aP BENH | ||
| 100 | 1 | 0 |
_aBenavides, Horacio _d1949- _919594 |
| 245 | 1 | 0 |
_aUn huesped en el jardin dormido _b(antologia personal) _cHoracio Benavides |
| 250 | _aEdicion especial para El Ministerio de Cultura, Biblioteca Nacional de Colombia | ||
| 260 |
_a[Bogota]̉ _bFrailejon Editores _c2015 |
||
| 300 |
_a[62] pg̀inas _c16 cm |
||
| 500 | _aDatos biograficos del autor al final del texto | ||
| 505 | _aLas cosas perdidas -- Agua de la orilla -- Sombra de agua -- La aldea desvelada -- Sin razon florecer -- Todo lugar para el desencuentro -- Converacion a oscuras -- Bajo la hierba o el cielo | ||
| 650 | 1 | 4 |
_aAutores colombianos _ySiglo XXI _2LEMB _924160 |
| 650 | 1 | 4 |
_aLiteratura colombiana _ySiglo XXI _vColecciones _2LEMB _924644 |
| 650 | 1 | 4 |
_aPoesia colombiana _ySiglo XXI _vColecciones _2LEMB _923692 |
| 942 |
_2ddc _cBK |
||
| 999 |
_c4069 _d4069 |
||